| 000 | 01658cam a2200409 i 4500 | ||
|---|---|---|---|
| 001 | 17770302 | ||
| 005 | 20230306113947.0 | ||
| 008 | 130610s2013 enka b 001 0 eng d | ||
| 010 | _a 2013942448 | ||
| 015 |
_aGBB381739 _2bnb |
||
| 016 | 7 |
_a016494047 _2Uk |
|
| 020 | _a9780199670543 (pbk.) | ||
| 020 | _a0199670544 (pbk.) | ||
| 035 | _a(OCoLC)ocn858310086 | ||
| 040 |
_aUKMGB _beng _cUKMGB _dOCLCO _erda _dS8J _dCHVBK _dRST _dDLC |
||
| 042 | _alccopycat | ||
| 050 | 0 | 0 |
_aHB615 _b.W472 2013 |
| 082 | 0 | 4 |
_a338.04, WES _223 |
| 100 | 1 |
_aWesthead, Paul, _d1962-, _eauthor. _9109836 |
|
| 245 | 1 | 0 |
_aEntrepreneurship : _ba very short introduction / _cPaul Westhead and Mike Wright. |
| 250 | _aFirst Edition | ||
| 264 | 1 |
_aOxford : _bOxford University Press, _c2013. |
|
| 300 |
_axviii, 154 pages : _billustrations ; _c18 cm. |
||
| 336 |
_atext _btxt _2rdacontent |
||
| 337 |
_aunmediated _bn _2rdamedia |
||
| 338 |
_avolume _bnc _2rdacarrier |
||
| 490 | 1 |
_aVery short introductions ; _v372 |
|
| 505 | 0 | _aThe importance of entrepreneurship (Page-1), Discovering and creating opportunities (Page-21), Exploiting opportunities (Page-38), Entrepreneurs' context (Page-54), Entrepreneurial thinking and learning (Page-79), Forms of entrepreneurial venture (Page-98), The future (Page-125). | |
| 650 | 0 | _aEntrepreneurship. | |
| 650 | 7 |
_aEntrepreneurship. _2gnd _9109837 |
|
| 700 | 1 |
_aWright, Mike, _d1952-, _eauthor. _9109838 |
|
| 830 | 0 |
_aVery short introductions ; _v372. _991482 |
|
| 906 |
_a7 _bcbc _ccopycat _d2 _encip _f20 _gy-gencatlg |
||
| 942 |
_2ddc _cBK |
||
| 999 |
_c593522 _d593522 |
||